Counseling the nursing mother (Record no. 933327)

MARC details
000 -LEADER
fixed length control field 00912nam a2200289Ia 4500
003 - CONTROL NUMBER IDENTIFIER
control field OSt
005 - DATE AND TIME OF LATEST TRANSACTION
control field 20221005024725.0
008 - FIXED-LENGTH DATA ELEMENTS--GENERAL INFORMATION
fixed length control field 221004b |||||||| |||| 00| 0 eng d
020 ## - INTERNATIONAL STANDARD BOOK NUMBER
International Standard Book Number 9781284052633 (hbk)
037 ## - SOURCE OF ACQUISITION
Terms of availability Textual
040 ## - CATALOGING SOURCE
Original cataloging agency CRL
Transcribing agency CRL
Language of cataloging eng
041 ## - LANGUAGE CODE
Source of code eng
Language code of text/sound track or separate title eng
100 ## - MAIN ENTRY--PERSONAL NAME
Personal name Lauwers Judith Au.
9 (RLIN) 580974
245 #0 - TITLE STATEMENT
Title Counseling the nursing mother
Remainder of title a lactation consultant's guide
250 ## - EDITION STATEMENT
Edition statement 6th
260 ## - PUBLICATION, DISTRIBUTION, ETC.
Place of publication, distribution, etc. Burlington
Name of publisher, distributor, etc. Jones and Bartlett UK
Date of publication, distribution, etc. 2016
300 ## - PHYSICAL DESCRIPTION
Extent xiv,810p.
Dimensions cm.
650 ## - SUBJECT ADDED ENTRY--TOPICAL TERM
Topical term or geographic name entry element BREAST FEEDING
9 (RLIN) 580975
650 ## - SUBJECT ADDED ENTRY--TOPICAL TERM
Topical term or geographic name entry element CHILDREN - DISEASES
700 ## - ADDED ENTRY--PERSONAL NAME
Personal name Swisher Anna Au.
9 (RLIN) 580976
942 ## - ADDED ENTRY ELEMENTS (KOHA)
Classification part L9C:4:8, Q6
Koha item type Textual
Source of classification or shelving scheme
Holdings
Withdrawn status Lost status Damaged status Not for loan Home library Current library Date acquired Source of acquisition Total Checkouts Full call number Barcode Date last seen Price effective from Koha item type
        Central Library Central Library 2022-10-05 429, 10/03/2017, Kilaso Books   L9C:4:8 Q6 CL1640544 2022-10-05 2022-10-05 Textual
Copyright @ Delhi University Library System